| 000 | 00000nam##2200000za#4500 |
| 001 | 9.579488 |
| 003 | CaOODSP |
| 005 | 20241203113634 |
| 007 | cr ||||||||||| |
| 008 | 150406|1985||||xxc|||||o f|0| 0 eng|d |
| 040 | |aCaOODSP|beng |
| 043 | |an-cn--- |
| 086 | 1 |aEn48-10-01-1985E-PDF |
| 110 | 1 |aCanada. |bEnvironment Canada. |
| 245 | 10|aIntroduction manual / |h[electronic resource]|c[published by the] Technical Services Branch. |
| 246 | 1 |iVariant title : |aEnviro TIPS introduction manual |
| 260 | |aOttawa - Ontario : |bEnvironment Canada |cAugust 1985. |
| 300 | |a127p.|bfigs., glossary, graphs, references, tables, index |
| 490 | 1 |aEnvironmental and technical information for problem spills |
| 500 | |aThe catalogue number (En48-10-01-1985E) and ISBN (0-662-14325-6) for the print edition have been copied in this electronic publication. |
| 590 | |a14-21-Supp|b2014-12-11 |
| 690 | 07|aToxic spills|2gcpds |
| 830 | #0|aEnvironmental and technical information for problem spills.|w(CaOODSP)9.507836 |
| 856 | 40|ahttp://publications.gc.ca|qPDF|s3.35 MB|uhttps://publications.gc.ca/collections/collection_2014/ec/En48-10-01-1985-eng.pdf |